书目信息 |
| 题名: |
高校课堂教学的理论与实践
|
|
| 作者: | 邢文利 著 | |
| 分册: | ||
| 出版信息: | 北京 中国文史出版社 2015 |
|
| 页数: | 212页 | |
| 开本: | 24cm | |
| 丛书名: | ||
| 单 册: | ||
| 中图分类: | G642.421 | |
| 科图分类: | ||
| 主题词: | 高等学校--课堂教学--教学研究 | |
| 电子资源: | ||
| ISBN: | 978-7-5034-5537-7 | |
| 000 | 01233nam0 2200265 450 | |
| 001 | 338983 | |
| 005 | 20150604100839.40 | |
| 010 | @a978-7-5034-5537-7@b精装@dCNY68.00 | |
| 100 | @a20150429d2015 em y0chiy50 ea | |
| 101 | 0 | @achi |
| 102 | @aCN@b110000 | |
| 105 | @aa z 000yy | |
| 106 | @ar | |
| 200 | 1 | @a高校课堂教学的理论与实践@Agao xiao ke tang jiao xue de li lun yu shi jian@d= Theory and practice of classroom teaching@f邢文利著@zeng |
| 210 | @a北京@c中国文史出版社@d2015 | |
| 215 | @a212页@c图@d24cm | |
| 300 | @a学术之星文库 | |
| 300 | @a辽宁省第二批精品资源共享课“网络环境下基于问题逻辑的师生互动型教学模式研究” 中央高校基本科研业务费专项基金项目阶段性成果 | |
| 330 | @a本书从大学教师的视角, 围绕教学的相关理论和实践, 阐释大学教师如何像名师那样授课。具体来说, 在帮助新教师了解基本的教学理论的基础上, 从六个方面进行了详细分析, 具体包括课程分析、教学设计、教案撰写、教学策略、信息化教学、实践教学。最后, 结合高校思想政治理论课的具体教学实际进行问题分析, 提出解决方案。 | |
| 510 | 1 | @aTheory and practice of classroom teaching@zeng |
| 606 | 0 | @a高等学校@x课堂教学@x教学研究 |
| 690 | @aG642.421@v5 | |
| 701 | 0 | @a邢文利@Axing wen li@4著 |
| 801 | 0 | @aCN@b卓展宏图@c20150525 |
| 905 | @dG642.421@e647@f4 | |
| 高校课堂教学的理论与实践= Theory and practice of classroom teaching/邢文利著.-北京:中国文史出版社,2015 |
| 212页:图;24cm |
| 学术之星文库.-辽宁省第二批精品资源共享课“网络环境下基于问题逻辑的师生互动型教学模式研究” 中央高校基本科研业务费专项基金项目阶段性成果 |
| ISBN 978-7-5034-5537-7(精装):CNY68.00 |
| 本书从大学教师的视角, 围绕教学的相关理论和实践, 阐释大学教师如何像名师那样授课。具体来说, 在帮助新教师了解基本的教学理论的基础上, 从六个方面进行了详细分析, 具体包括课程分析、教学设计、教案撰写、教学策略、信息化教学、实践教学。最后, 结合高校思想政治理论课的具体教学实际进行问题分析, 提出解决方案。 |
| ● |
| 相关链接 |
|
|
|
|
正题名:高校课堂教学的理论与实践
索取号:G642.421/647
 
预约/预借
| 序号 | 登录号 | 条形码 | 馆藏地/架位号 | 状态 | 备注 |
| 1 | 858789 | 208587894 | 第一样本阅览室/ [索取号:G642.421/647] | 在馆 | |
| 2 | 858790 | 208587901 | 第四借阅区/ [索取号:G642.421/647] | 在馆 | |
| 3 | 858791 | 208587910 | 第四借阅区/ [索取号:G642.421/647] | 在馆 | |
| 4 | 858792 | 208587929 | 教育系资料室/ [索取号:G642.421/647] | 在馆 |